000 00646nam a2200277Ia 4500
005 20260324140430.0
008 008 260324s9999 xx 000 0 eng d
020 _a9781315038025
037 _aEBOOK
040 _aCRL
040 _beng
040 _cCRL
041 _2eng
041 _aeng
084 _qCRL
100 _aDaniel J. Elazar; Shmuel Sandler
_91204366
245 0 _aIsrael at the Polls, 1996
260 _bTaylor and Francis
260 _c1998
365 _a
365 _b300
856 _uhttp://www.taylorfrancis.com/books/9781315038025
942 _cEBOOK
999 _c1806452
_d1806452